000 01469cam a22003857a 4500
003 CHAP
005 20220817043825.0
008 020227d2002 mx r 00110 spa d
010 _a85399
011 _a86371
035 _a96909
040 _cCHAP
090 _aTesis
100 0 0 _aAlvarado Machuca, Sofia Violeta.
245 1 0 _aEfectos de la fertilización foliar, métodos de trilla y almacenamiento sobre la calidad física y fisiológica en semillas de frijol (Phaseolus vulgaris L.)
_c/por Sofia Violeta Alvarado Machuca
260 _aChapingo, Méx. :
_bEl autor,
_c2002.
300 _a74 h. ;
_bgráfs.
502 _aTesis (Ing. Agr. Esp. en Fitotecnia) -- UACH. Departamento de Fitotecnia
590 _aALEPH
_b10
_c20130110
_lUCH01
_h1446
590 _aBATCH-UPD
_b10
_c20130110
_lUCH01
_h0244
590 _aBATCH-UPD
_b10
_c20130110
_lUCH01
_h1650
590 _aBATCH-UPD
_b10
_c20130409
_lUCH01
_h2314
590 _aBATCH-UPD
_b10
_c20130410
_lUCH01
_h1647
590 _aBATCH-UPD
_b10
_c20130914
_lUCH01
_h1438
590 _aCONVERSION
_b10
_c20130109
_lUCH01
_h1347
650 1 4 _aFrijol
_xAlmacenamiento.
_943322
650 1 4 _aFrijol
_xFertilización.
_943379
650 1 4 _aFrijol
_xFisiología y morfología.
_943380
650 1 4 _aFrijol
_xSemilla.
_943433
901 _aBK
905 _aMayto Villalobos S.
942 _cFOLL
949 _aTesis
_bBC
_cTES
_d33724000861605
_eTS2
_fc.2
_h39237
_i96909
_si
949 _aTesis
_bBC
_cTES
_d969091
_eTS1
_h39236
_i96909
_sb
999 _c85399
_d85399